000 00468nam a2200181Ia 4500
001 8200
005 20260306160551.0
008 260306t2014||||xx |||||||||||||| ||spa||
041 _aESP
082 _a370.15
_bE18
100 _aEchevarría, Hugo Darío
_eAUT
245 0 _aLos alumnos de grado, ¿pueden crear conocimiento o solo reproducir?
260 _c2014
300 _a178 páginas :
_c22 cm.
650 _aGEN
654 _aCED
942 _cLIB
_dJUS
_fJUS
_2ddc
_n
999 _c8200
_d8200